000 01676cam a22004094i 4500
003 PE-LiUPU
005 20250731175623.0
008 150623s1990 wiu r 000 0 eng d
020 _a0874624444
035 _a(Sirsi) i9780874624441
040 _aPE-LiUPU
_bspa
_cPE-LiUPU
_erda
049 _aPRUA
082 0 4 _a492.1
_bC18
_221
100 1 _aCaldwell, Thomas A.,
_eautor.
245 1 3 _aAn Akkadian grammar :
_ba translation of Riemschneider's Lehrbuch des Akkadischen /
_cPor Thomas A. Caldwell, John N. Oswalt, John F. X. Sheehan.
264 1 _aMilwaukee, Wisconsin :
_bMarquette University Press,
_c1990.
300 _a251 páginas ;
_c27 centímetros
336 _atext
_2rdacontent
337 _aunmediated
_2rdamedia
338 _avolume
_2rdacarrier
505 0 _aAn Akkadian grammar -- Old Babylonian poetry -- Middle-Babylonian -- Neo-and Late-Babylonian -- Young-Babylonian -- Old-Akkadian -- Old-Assyrian -- Middle-Assyrian -- Neo-Assyrian -- General vocabulary.
526 _aP145
526 _aP127
526 _aP97
526 _aP35
526 _aP14
526 _aP07
650 1 4 _aLengua acadia
_xGramática.
700 1 _aOswalt, John N.
_eautor
700 1 _aSheehan, John F. X.
_eautor
942 _2ddc
_cBOOK
949 _a492.1 C18
_wDEWEY
_c1
_i44975
_lCCODEBUL1
_mBUL
_r0
_sY
_tBOOK
_u2015-6-24
_xTEOLOGIA
_PP35
_0COMPRA
_o.STAFF. Colección Teología
994 _aC0
_bPEPRU
596 _a1
999 _a492.1 C18
_wDEWEY
_c21852
_i44975
_f2021-11-12
_g5
_lCCODEBUL1
_mBUL
_p20.00
_r0
_sY
_tBOOK
_u2015-6-24
_xTEOLOGIA
_PP35
_0COMPRA
_o.STAFF. Colección Teología
_d21852
980 _81
_gALBERTO SANCHEZ Responsable de Automatización